Southville International School and Colleges
Your cart is empty.
  • Cart
  • Lists
    Public lists Eva Luna New books Lux_list list_1
    Your lists Log in to create your own lists
  • Log in to your account
  • Your cookies
  • Search history
Southville International School and Colleges
  • Advanced search
  • Recent comments
  • Most popular
  • Libraries

Log in to your account

Log in with GOOGLE


If you do not have an external account, but do have a local account, you can still log in:

  1. Home
  2. MARC view: Prophecy in our time /
Normal view MARC view ISBD view

Prophecy in our time / (Record no. 288449)

[ view plain ]
MARC details
000 -LEADER
fixed length control field 00511nam a22001810 4500
003 - CONTROL NUMBER IDENTIFIER
control field PILC
005 - DATE AND TIME OF LATEST TRANSACTION
control field 20150824121724.0
008 - FIXED-LENGTH DATA ELEMENTS--GENERAL INFORMATION
fixed length control field 970605
050 ## - LIBRARY OF CONGRESS CALL NUMBER
Classification number BF 1791
Item number .Eb73 1968
100 1# - MAIN ENTRY--PERSONAL NAME
Personal name Ebon, Martin.
245 10 - TITLE STATEMENT
Title Prophecy in our time /
Statement of responsibility, etc Martin Ebon.
260 ## - PUBLICATION, DISTRIBUTION, ETC. (IMPRINT)
Place of publication, distribution, etc California :
Name of publisher, distributor, etc Wilshire Book,
Date of publication, distribution, etc 1968.
300 ## - PHYSICAL DESCRIPTION
Extent 240 pages ;
Dimensions 21 cm.
500 ## - GENERAL NOTE
General note Includes bibliographical references and index.
650 ## - SUBJECT ADDED ENTRY--TOPICAL TERM
Topical term or geographic name as entry element Prophecies.
650 ## - SUBJECT ADDED ENTRY--TOPICAL TERM
Topical term or geographic name as entry element Visions.
942 ## - ADDED ENTRY ELEMENTS (KOHA)
Source of classification or shelving scheme Library of Congress Classification
Koha item type Books
Call number prefix Foreign
Holdings
Withdrawn status Lost status Source of classification or shelving scheme Damaged status Home library Current library Shelving location Date acquired Source of acquisition Total Checkouts Full call number Barcode Date last seen Price effective from Koha item type
    Library of Congress Classification   Archives Archives   08/24/2015 Donation   BF 1791 .Eb73 1968 C19742 05/15/2018 08/24/2015 Books

Prophecy in our time /

APA

Ebon M., . (1968). Prophecy in our time. California: Wilshire Book.

Chicago

Ebon Martin, . 1968. Prophecy in our time. California: Wilshire Book.

Harvard

Ebon M., . (1968). Prophecy in our time. California: Wilshire Book.

MLA

Ebon Martin, . Prophecy in our time. California: Wilshire Book. 1968.

  • Place hold
  • Print
  • Cite
  • Add to your cart (remove)
  • Save record
    BIBTEX Dublin Core MARCXML MARC (non-Unicode/MARC-8) MARC (Unicode/UTF-8) MARC (Unicode/UTF-8, Standard) MODS (XML) RIS
  • More searches
    Search for this title in:
    Other Libraries (WorldCat) Other Databases (Google Scholar) Online Stores (Bookfinder.com) Open Library (openlibrary.org)

Exporting to Dublin Core...

SOUTHVILLE LIBRARY

Southville International School and Colleges Library

1281 Tropical Ave. Cor. Luxembourg St., BF Homes International, Las Pinas City

Tel. No. 8256374 / 252358 Loc. 117/146

Powered by Koha